000 00372nam a2200157Ia 4500
008 230524s9999 xx 000 0 und d
082 _a621.3821
_bBIS
100 _aS.N.Biswas
245 0 _aIndustrial Electronics
250 _a3RD
260 _aNEW DELHI
_bDhanpat Rai
_c2005
300 _a693
500 _aQuantity Number: 2
650 _aElectronics
942 _cBK
999 _c14301
_d14301